| 000 | 004350000a22001690004500 | ||
|---|---|---|---|
| 003 | MACL | ||
| 005 | 20151227124516.0 | ||
| 008 | 151227b xxu||||| |||| 00| 0 eng d | ||
| 040 |
_aMACL _cMACL |
||
| 041 | _aEnglish | ||
| 082 | _a020/SAC | ||
| 100 |
_aSachedeva, Mohinder Singh _923109 |
||
| 245 | _aColon Classification | ||
| 260 |
_bSterling Publishing _c1980 |
||
| 650 |
_aLibrary & information _923110 |
||
| 942 |
_cBK _k020/Sac _2ddc |
||
| 999 |
_c33843 _d33843 |
||